The Last of Us Character Quiz - Statistics

General Stats
  • This quiz has been taken 565 times
  • The average score is 20 of 32
Answer Stats
Hint Answer % Correct
The only immune character in the game Ellie
99%
Main character in the 1st game Joel
99%
Daughter of the above Sarah
95%
Brother of the main character in the 1st game Tommy
92%
Girl who's father got killed in the 1st game Abby
87%
The girlfriend of the immune characters Dina
86%
First partner of the answer of the 1st questions Tess
80%
A guy who sets trap in all place of the town he lived in Bill
79%
Leader of the fireflies Marlene
77%
The little brother of above Sam
76%
Wife of the above Maria
74%
Ex of the above Jesse
72%
The pregnant character Mel
72%
Guy who fell in love with the above character Owen
71%
The guy who met us in Pittsburgh with his little brother Henry
67%
First love of the above Riley
67%
The person who leads the cannibal group David
66%
Child who part of the religious cult and a transgender Lev
64%
Partner of the above who hang himself Frank
63%
Spanish character Manny
62%
Leader of the WLF Isaac
51%
Girl who died in the hospital brutally Nora
50%
The one who sell a gun to fireflies Robert
50%
Sister of the character above Yara
48%
Son's of the main character JJ
44%
The homophobic characters Seth
38%
Doctor and father of the antagonist in the 2nd game Jerry
37%
The assistance of the cannibal leader James
33%
Girlfriend of the above that died in TV station Leah
31%
Guy who tried to kills the main characters girlfriend Jordan
25%
Jackson patrolman that are not showed in the game Eugene
17%
The character who shot the main characters horses Mike
10%
No matching quizzes found
Score Distribution
Percent of People with Each Score
Percentile by Number Answered
Your Score History
You have not taken this quiz